Умершие по Годам — Россия - Statistics

General Stats
  • This quiz has been taken 13 times
  • The average score is 58 of 112
Answer Stats
Picture Hint Answer % Correct
1918 (монарх)
последний русский царь
Николай II
100%
1916 (прозорливец)
фаворит царской семьи
Григорий Распутин
91%
1921 (поэт)
"Ночь. Улица. Фонарь. Аптека."
Александр Блок
91%
1924 (революционер)
Великая Октябрьская революция
Владимир Ленин
91%
1925 (поэт)
"Шаганэ ты моя, Шаганэ..."
Сергей Есенин
91%
1930 (поэт)
"Облако в штанах"
Владимир Маяковский
91%
1919 (военный деятель)
...и Петька
Василий Чапаев
82%
1940 (писатель)
"Мастер и Маргарита"
Михаил Булгаков
82%
1953 (политик)
"социализм в отдельно взятой стране"
Иосиф Сталин
82%
1968 (космонавт)
"Поехали!"
Юрий Гагарин
82%
1974 (полководец)
маршал Советского Союза
Георгий Жуков
82%
1980 (музыкант)
"Песня о друге"
Владимир Высоцкий
82%
1982 (политик)
период "Застоя"
Леонид Брежнев
82%
1990 (певец)
группа "Кино"
Виктор Цой
82%
1991 (певец)
"Чистые пруды"
Игорь Тальков
82%
1995 (телеведущий)
гендиректор ОРТ
Владислав Листьев
82%
2000 (политик)
мэр Санкт-Петербурга
Анатолий Собчак
82%
2002 (актёр)
"Брат"
Сергей Бодров-младший
82%
2004 (политик)
президент Чеченской республики
Ахмат Кадыров
82%
2007 (политик)
первый президент РФ
Борис Ельцин
82%
2017 (сатирик)
"Ну тупые!"
Михаил Задорнов
82%
2021 (певец)
"Как молоды мы были"
Александр Градский
82%
2022 (политик)
ЛДПР
Владимир Жириновский
82%
2023 (предприниматель)
группа Вагнера
Евгений Пригожин
82%
2024 (телеведущий)
КВН
Александр Масляков
82%
1920 (военный деятель)
адмирал Белогвардейцев
Александр Колчак
73%
1936 (писатель)
"На дне"
Максим Горький
73%
1966 (поэтесса)
"Реквием"
Анна Ахматова
73%
1969 (писатель)
"Айболит"
Корней Чуковский
73%
1975 (композитор)
Симфония №7 ("Ленинградская")
Дмитрий Шостакович
73%
1977 (писатель)
"Лолита"
Владимир Набоков
73%
1981 (хоккеист)
Легенда №17
Валерий Харламов
73%
1985 (политик)
"Пятилетка за три гроба"
Константин Черненко
73%
1986 (режиссёр)
"Сталкер"
Андрей Тарковский
73%
1994 (актёр)
Трошкин/Доцент
Евгений Леонов
73%
1997 (актёр)
Семён Семёнович Горбунков
Юрий Никулин
73%
2009 (поэт)
Гимн СССР
Сергей Михалков
73%
2013 (певец)
"Король и Шут"
Михаил Горшенёв
73%
2018 (актёр)
Илья Ильич Обломов
Олег Табаков
73%
1926 (художник)
"Богатыри"
Виктор Васнецов
64%
1932 (писатель)
"Алые паруса"
Александр Грин
64%
1935 (учёный)
Космонавтика
Константин Циолковский
64%
1941 (партизанка)
партизанка-Герой Советского Союза
Зоя Космодемьянская
64%
1948 (режиссёр)
«Броненосец "Потёмкин"»
Сергей Эйзенштейн
64%
1960 (писатель)
"Доктор Живаго"
Борис Пастернак
64%
1970 (политик)
Временное правительство Российской республики
Александр Керенский
64%
1976 (писатель)
"Незнайка на Луне"
Николай Носов
64%
1984 (актриса)
"Муля, не нервируй меня!"
Фаина Раневская
64%
1987 (актёр)
Остап Бендер
Андрей Миронов
64%
1989 (диссидент)
водородная бомба
Андрей Сахаров
64%
1993 (режиссёр)
"Бриллиантовая рука"
Леонид Гайдай
64%
1996 (поэт)
Нобелевская премия по литературе 1987 года
Иосиф Бродский
64%
2001 (актёр)
Трус
Георгий Вицин
64%
2008 (певец)
"Синяя вечность"
Муслим Магомаев
64%
2010 (актёр)
"Дальнобойщики"
Владислав Галкин
64%
2011 (актриса)
"Любовь и голуби"
Людмила Гурченко
64%
1929 (антрепренёр)
"Русские сезоны"
Сергей Дягилев
55%
1938 (оперный певец)
"Очи черныя"
Фёдор Шаляпин
55%
1945 (писатель)
"Буратино, или Золотой ключик"
Алексей Толстой
55%
1950 (писатель)
"Малахитовая шкатулка"
Павел Бажов
55%
1999 (актёр)
Шурик
Александр Демьяненко
55%
2020 (актёр)
Николай Петрович Воронин
Борис Клюев
55%
1931 (балерина)
"Умирающий лебедь"
Анна Павлова
45%
1933 (политик)
нарком Просвещения
Анатолий Луначарский
45%
1934 (политик)
убийство в Ленинграде
Сергей Киров
45%
1943 (композитор)
"Концерт №2"
Сергей Рахманинов
45%
1949 (архитектор)
мавхолей Ленина
Алексей Щусев
45%
1973 (полководец)
маршал Советского Союза
Иван Конев
45%
2003 (актёр)
"Экипаж"
Леонид Филатов
45%
2012 (телеведущий)
"Городок"
Илья Олейников
45%
2014 (общественная деятельница)
"Над пропастью во лжи"
Валерия Новодворская
45%
2015 (балерина)
Одетта и Одилия
Майя Плисецкая
45%
2025 (скульптор)
памятник Петру I в Москве
Зураб Церетели
45%
1937 (политик)
нарком Тяжелой промешленности
Серго Орджоникидзе
36%
1959 (спортивный турист)
трагедия на горе Холатчахль
Игорь Дятлов
36%
1972 (писатель)
"Денискины рассказы"
Виктор Драгунский
36%
1988 (музыкант)
СашБаш
Александр Башлачёв
36%
1992 (актёр)
профессор Преображенский
Евгений Евстигнеев
36%
2006 (диссидент)
сотрудник ФСБ и MI6
Александр Литвиненко
36%
2016 (актёр)
актёр-долгожитель
Владимир Зельдин
36%
2019 (актёр)
"Место встречи изменить нельзя"
Сергей Юрский
36%
1927 (художник)
"Купчиха за чаем"
Борис Кустодиев
27%
1928 (военный деятель)
Белое движение
Пётр Врангель
27%
1942 (иллюстратор)
"Баба-яга"
Иван Билибин
27%
1946 (политик)
"Президент" СССР
Михаил Калинин
27%
1947 (художник)
движение "Знамя Мира"
Николай Рерих
27%
1957 (артист)
"Пьеро"
Александр Вертинский
27%
1967 (дворянин)
убийство Распутина
Феликс Юсупов
27%
1978 (композитор)
"Гаянэ"
Арам Хачатурян
27%
1979 (писатель)
"Ты помнишь, Алёша, дороги Смоленщины..."
Константин Симонов
27%
1998 (балерина)
Джульетта
Галина Уланова
27%
2005 (актёр)
Кабачок "13 стульев"
Спартак Мишулин
27%
1915 (композитор)
"Прометей, или Поэма огня"
Александр Скрябин
18%
1939 (учёный)
Институт нефти и газа
Иван Губкин
18%
1951 (писатель)
"Чевенгур"
Андрей Платонов
18%
1955 (композитор)
"Весёлые ребята"
Исаак Дунаевский
18%
1965 (актёр)
"Семеро смелых"
Пётр Алейников
18%
1971 (композитор)
"Весна священная"
Игорь Стравинский
18%
1944 (поэт)
"Моабитская тетрадь"
Муса Джалиль
9%
1952 (писательница)
"Жизнь и воротник"
Тэффи
9%
1954 (писатель)
"Кладовая солнца"
Михаил Пришвин
9%
1956 (исследователь)
экспедиции в Арктике
Отто Шмидт
9%
1962 (военный деятель)
"Ядерный нарком"
Борис Ванников
9%
1963 (подводник)
потопление "Вильгельма Гуслоффа"
Александр Маринеско
9%
1964 (писатель)
"Двенадцать месяцев"
Самуил Маршак
9%
1914 (композитор)
"Кикимора"
Анатолий Лядов
0%
1917 (учёный)
язык эсперанто
Людвик Заменгоф
0%
1922 (режиссёр)
Третья студия МХТ
Евгений Вахтангов
0%
1923 (изобретатель)
лампочка накаливания
Александр Лодыгин
0%
1958 (писатель)
"Рассказы Назара Ильича, господина Синебрюхова"
Михаил Зощенко
0%
1961 (оперная певица)
"Не искушай меня без нужды"
Надежда Обухова
0%
1983 (композитор)
"Королева красоты"
Арно Бабаджаян
0%
No matching quizzes found
Score Distribution
Percent of People with Each Score
Percentile by Number Answered
Your Score History
You have not taken this quiz